zpět

Detail výsledku týmu

Mama Shelter - Holešovice, Praha

Datum a čas kvízu

21.5 Celkem bodů Celkový počet nahraných bodů na tomto kvízu bez doplňovacích otázek.
11. Pořadí na kvízu Konečné umístění týmu na tomto kvízu.

Zaznamenané odpovědi

# Otázka Odpověď Body Výsledky
1. Jak se nazývá státní vyznamená... Řád Tomáše Garrigua Masaryka (1. třídy) 0
2. Po ulicích jednoho středoslove... Liptovský Mikuláš 1
3. Minulý týden byla přidána na... berlínské techno 0
4. Některé provozovny jistého řet... McDonald's 0
5. K zajímavému hecování došlo v... pizzu s ananasem 1
6. Téma začneme v Evropě. Seřaďte... 1B 2D 3A 4C 0
7. Vůdcem Kuby byl několik deseti... Raúl 1
8. Jak se jmenuje tento živočich... fosa 0
9. Kolik ostrovních států se nach... jeden 0
10. Jak se jmenuje ostrovní stát,... Maledivy 0